000
00327 a2200157 4500
001
158947
020
_a
040
_c
Magnum
100
_a
Rodrigues, Rosicler Martins
240
1
0
_a
Vida e alimento
_l
por
245
1
0
_a
Vida e alimento
362
0
_a
1899
440
1
_a
Moderna
697
_a
MAGNITO: COLECAO
942
_c
BK
999
_c
158947
_d
158947